000 00366nam a2200133 i 4500
001 bg
100 1 _aWŁODARSKI, Ryszard
245 0 _aDrgania własne i wymuszone w obrodach elektrycznych.Ćwiczenia laboratoryjne /
_cRyszrd Włodarski.
260 _aGdańsk,
_c1976.
040 _cBPK
041 _apol
942 _cKS
008 s pl f |000 0 pol
999 _c17222
_d17222
856 _uhttp://koha.tu.koszalin.pl/cgi-bin/koha/opac-detail.pl?biblionumber=17222
_yKatalog online BPK